logo

Bir Sreshtho Munshi Abdur Rouf Library
Jhenaidah Cadet College

ছায়াকরী / (Record no. 13890)

MARC details
000 -LEADER
fixed length control field 00750nam a2200229 a 4500
001 - CONTROL NUMBER
JCCL Control Number 13890
003 - CONTROL NUMBER IDENTIFIER
JCCL marc code BD-JhCC
005 - DATE AND TIME OF LATEST TRANSACTION
control field 20240512095025.0
008 - FIXED-LENGTH DATA ELEMENTS--GENERAL INFORMATION
fixed length control field 190909b2003 bg |||| ||a| 000 0 ben d
020 ## - INTERNATIONAL STANDARD BOOK NUMBER
International Standard Book Number 9844017378
035 ## - SYSTEM CONTROL NUMBER
system control number (BD-JhCC)13890
040 ## - CATALOGING SOURCE
Original cataloging agency BD-JhCC
Modifying agency BD-JhCC
041 ## - LANGUAGE CODE
Language code of Book ben
082 ## - DEWEY DECIMAL CLASSIFICATION NUMBER
Classification number 891.443
Author mark and Year PAT 2003
100 ## - MAIN ENTRY--PERSONAL NAME
Personal name পাটওয়ারী ,আয়াত আলী
245 ## - TITLE STATEMENT
Title ছায়াকরী /
Remainder of title আয়াত আলী পাটওয়ারী ।
260 ## - PUBLICATION, DISTRIBUTION, ETC. (IMPRINT)
Place of publication, distribution, etc ঢাকা:
Name of publisher, distributor, etc আগামী প্রকাশনী;
Date of publication, distribution, etc ২০০৩.
300 ## - PHYSICAL DESCRIPTION
Pagination ১০৩ পৃ. :
Dimensions ২২ সেমি.
650 ## - SUBJECT ADDED ENTRY--TOPICAL TERM
Topical term or geographic name as entry element বাংলা উপন্যাস
942 ## - ADDED ENTRY ELEMENTS (KOHA)
Source of classification or shelving scheme Dewey Decimal Classification
Koha item type Books
Holdings
Source of classification or shelving scheme Damaged status Not for loan Home library Current library Shelving location Date of accession Cost, normal purchase price Total Checkouts Full call number Barcode Date last seen Date checked out Copy number Method of acquisition Koha item type Currency
Dewey Decimal Classification     JCC Rouf Library JCC Rouf Library General Stacks   100.00 1 891.443 PAT 2003 19350 09/24/2024 09/08/2024 C-1 Purchase Books BDT

JCC Library | Contacts | JCC Home

Last Update on 23 September 2017
Copyright @ 2017-2020 JCC Rouf Library
Rouf Library, Jhenidah Cadet College (JCC), Bangladesh